Logos équipes NFL - Statistiques

Statistiques générales
  • Ce quiz a été pris 195 fois
  • Le résultat moyen est 27 sur 32
Statistiques - réponses
Par images Réponse % Correct
Miami Dolphins
99%
New York Jets
99%
Las Vegas Raiders
97%
Pittsburgh Steelers
95%
Kansas City Chiefs
94%
Minnesota Vikings
93%
Philadelphie Eagles
92%
New England Patriots
91%
Buffalo Bills
90%
Detroit Lions
90%
San Francisco 49ers
90%
Atlanta Falcons
88%
Chicago Bears
87%
Los Angeles Rams
87%
Arizona Cardinals
86%
Cincinnati Bengals
86%
Baltimore Ravens
85%
Carolina Panthers
84%
Dallas Cowboys
84%
Jacksonville Jaguars
84%
New Orleans Saints
83%
Los Angeles Chargers
81%
Seattle Seahawks
81%
Green Bay Packers
80%
New York Giants
80%
Denver Broncos
78%
Indianapolis Colts
78%
Washington Commanders
78%
Tampa Bay Buccaneers
77%
Cleveland Browns
76%
Tennessee Titans
76%
Houston Texans
74%
Aucun quiz correspondant
Distribution des résultats
% des personnes avec chaque résultat
Percentile par nombre de réponses
Votre historique - résultats
Vous n’avez pas pris ce quiz